Self help for your nerves

Bibliographic Details
Main Author: Weekes, Claire
Format: Book
Published: London : Harper Collins , 1989
Subjects:

MARC

LEADER 00000cam a2200000 7i4500
001 0000002155
002 000002352
005 20000330.0
020 |a 0207147132 
090 0 0 |a 613.79   |b WEE 
100 1 |a Weekes, Claire   |f Dr 
245 1 0 |a Self help for your nerves   |c Dr.Claire Weekes 
260 |a London :   |b Harper Collins ,   |c 1989 
300 |a 160p. ;   |c 18cm. 
650 0 0 |a Exercise therapy 
650 0 0 |a Relaxation 
999 |a 033697   |b BUKU   |c PINJAMAN   |e PERPUSTAKAAN KOMUNITI PETALING JAYA